[Event "AUTO-OPEN-1984"]
[Site "http://www.queenalice.com/game.php?id=779038"]
[Date "2010.5.21"]
[Round "1"]
[White "forth_generation"]
[Black "menocchio"]
[Result "1-0"]
[WhiteElo "2357"]
[BlackElo "1371"]

1. e4 Nc6 2. d4 d5 3. Nc3 e6 4. Nf3 Bb4 5. e5 Nge7 6. a3 Bxc3+ 7. bxc3 b6 8. Bd3
Nf5 9. O-O Bb7 10. a4 Qe7 11. Ba3 1-0

[Event "AUTO-OPEN-1984"]
[Site "http://www.queenalice.com/game.php?id=779039"]
[Date "2010.5.21"]
[Round "1"]
[White "menocchio"]
[Black "forth_generation"]
[Result "0-1"]
[WhiteElo "1373"]
[BlackElo "2356"]

1. d4 Nf6 2. c4 g6 3. Nc3 Bg7 4. g3 d5 5. e3 c6 6. Nf3 O-O 7. Bg2 Bf5 8. O-O
Nbd7 9. Ne5 Qc7 10. cxd5 Nxe5 11. dxe5 Nxd5 12. e4 Nxc3 0-1

[Event "AUTO-INT-1706"]
[Site "http://www.queenalice.com/game.php?id=779147"]
[Date "2010.5.22"]
[Round "1"]
[White "menocchio"]
[Black "Kuroi"]
[Result "0-1"]
[WhiteElo "1403"]
[BlackElo "1742"]

1. d4 d5 2. c4 e6 3. Nc3 Bb4 4. Bd2 Nf6 5. Qa4+ Nc6 6. e3 Bd7 7. c5 Bxc3 8. Bxc3
Ne7 9. Qb3 a6 10. Qxb7 Bc6 11. Qb3 O-O 12. Nf3 Ne4 13. Ne5 Rb8 14. Qc2 f6 15.
Nxc6 Nxc6 16. Bxa6 Ne7 0-1

[Event "AUTO-INT-1706"]
[Site "http://www.queenalice.com/game.php?id=779148"]
[Date "2010.5.22"]
[Round "1"]
[White "Kuroi"]
[Black "menocchio"]
[Result "1-0"]
[WhiteElo "1651"]
[BlackElo "1484"]

1. e4 e5 2. Nf3 Nc6 3. Nc3 Nf6 4. Bc4 h6 5. d3 Bc5 6. b3 Ng4 7. O-O Nxf2 8. Rxf2
Bxf2+ 9. Kxf2 d6 10. Bb2 Nd4 11. Nxd4 exd4 12. Qh5 g6 13. Qd5 dxc3 14. Qxf7# 1-0

[Event "AUTO-INT-1706"]
[Site "http://www.queenalice.com/game.php?id=779149"]
[Date "2010.5.22"]
[Round "1"]
[White "menocchio"]
[Black "Sbilf"]
[Result "0-1"]
[WhiteElo "1401"]
[BlackElo "1634"]

1. d4 d6 2. c4 e5 3. Nf3 e4 4. Nfd2 f5 5. Nc3 Nf6 6. e3 g6 7. b4 a6 8. Qa4+ Bd7
9. b5 c6 10. d5 cxb5 11. cxb5 Bg7 12. Rb1 Qc7 13. Bb2 O-O 14. Bc4 Bc8 15. Ba3
Nfd7 16. Nb3 Bxc3+ 17. Nd2 Nb6 18. Qc2 Bxd2+ 19. Kxd2 Qxc4 20. Qb3 Qxb3 21. Rxb3
Nc4+ 22. Ke2 Nxa3 23. Rxa3 Nd7 0-1

[Event "AUTO-INT-1706"]
[Site "http://www.queenalice.com/game.php?id=779150"]
[Date "2010.5.22"]
[Round "1"]
[White "Sbilf"]
[Black "menocchio"]
[Result "1-0"]
[WhiteElo "1666"]
[BlackElo "1394"]

1. e4 Nf6 2. e5 Nd5 3. d4 e6 4. c4 Nb4 5. Nf3 d5 6. c5 c6 7. a3 Qa5 8. Bd2 N8a6
9. Bxa6 bxa6 10. Bxb4 Qc7 11. Nbd2 Be7 12. O-O a5 13. Bc3 Ba6 14. Re1 Rb8 15.
Qc2 Bc4 16. Nxc4 dxc4 17. Nd2 O-O 18. Nxc4 f5 19. Red1 1-0

[Event "AUTO-INT-1706"]
[Site "http://www.queenalice.com/game.php?id=779151"]
[Date "2010.5.22"]
[Round "1"]
[White "menocchio"]
[Black "kre"]
[Result "0-1"]
[WhiteElo "1415"]
[BlackElo "1504"]

1. d4 d5 2. c4 Nf6 3. Bg5 h6 4. Bxf6 exf6 5. Nc3 Be6 6. g3 dxc4 7. Bg2 c6 8. d5
cxd5 9. Nxd5 Nd7 10. Nf3 Be7 11. Rc1 b5 12. Nxe7 Qxe7 13. Nd4 Rc8 14. Nxb5 Ne5
15. Qa4 O-O 16. Qxa7 Qb4+ 17. Rc3 Qxb5 18. Qa3 Rfd8 19. O-O Ng4 20. b3 Rd2 21.
Qc1 Rxe2 0-1

[Event "AUTO-INT-1706"]
[Site "http://www.queenalice.com/game.php?id=779152"]
[Date "2010.5.22"]
[Round "1"]
[White "kre"]
[Black "menocchio"]
[Result "1-0"]
[WhiteElo "1442"]
[BlackElo "1462"]

1. e4 e5 2. Nc3 Nf6 3. Be2 Bc5 4. d3 b6 5. Nf3 Ng4 6. d4 exd4 7. Nxd4 Qf6 8.
Bxg4 Bxd4 9. Bf3 Bxc3+ 10. Bd2 Bxd2+ 11. Qxd2 Qxb2 12. O-O Ba6 13. Rfe1 O-O 14.
e5 Nc6 15. Qxd7 Nb8 16. Qxc7 Rc8 17. Qe7 Nc6 18. Qg5 Qxc2 19. e6 Qg6 20. exf7+
Qxf7 21. Bd5 1-0

[Event "Challenge"]
[Site "http://www.queenalice.com/game.php?id=779579"]
[Date "2010.5.23"]
[Round "-"]
[White "menocchio"]
[Black "Marlu"]
[Result "0-1"]
[WhiteElo "1436"]
[BlackElo "1450"]

1. d4 d5 2. c4 dxc4 3. Nc3 Nf6 4. e4 c6 5. Bxc4 e6 6. Nf3 Bb4 7. e5 Bxc3+ 8.
bxc3 Qa5 9. Qb3 Ne4 10. Bd2 O-O 11. Bd3 Nxd2 0-1

[Event "AUTO-INT-1707"]
[Site "http://www.queenalice.com/game.php?id=779668"]
[Date "2010.5.23"]
[Round "1"]
[White "menocchio"]
[Black "saturnin"]
[Result "0-1"]
[WhiteElo "1358"]
[BlackElo "1540"]

1. d4 d5 2. c4 dxc4 3. Nc3 g6 4. e4 Bg7 5. Bxc4 Nh6 6. Nf3 O-O 7. Bxh6 Bxh6 8.
d5 a6 9. O-O c6 10. Qd4 b5 11. Bd3 b4 12. Qxb4 cxd5 13. Nxd5 Nd7 0-1

[Event "AUTO-INT-1707"]
[Site "http://www.queenalice.com/game.php?id=779669"]
[Date "2010.5.23"]
[Round "1"]
[White "saturnin"]
[Black "menocchio"]
[Result "1-0"]
[WhiteElo "1531"]
[BlackElo "1367"]

1. b4 e5 2. Bb2 Bxb4 3. e4 Nc6 4. c3 Bc5 5. d4 Be7 6. d5 Na5 7. g3 d6 8. Nf3 Bg4
9. Bg2 Nc4 10. Qd2 Nxd2 11. Nbxd2 Bxf3 12. Nxf3 Nf6 13. Nd2 Ng4 14. O-O Bg5 15.
Nf3 Qf6 16. h4 1-0

[Event "AUTO-INT-1707"]
[Site "http://www.queenalice.com/game.php?id=779670"]
[Date "2010.5.23"]
[Round "1"]
[White "menocchio"]
[Black "agsantos"]
[Result "0-1"]
[WhiteElo "1445"]
[BlackElo "1725"]

1. d4 d5 2. c4 dxc4 3. Nc3 Nf6 4. e4 Nc6 5. Nf3 Bg4 6. Be2 Bxf3 7. Bxf3 Qxd4 8.
Qxd4 Nxd4 9. O-O O-O-O 10. Be3 e5 11. a4 Nc2 12. Ra2 Nxe3 0-1

[Event "AUTO-INT-1707"]
[Site "http://www.queenalice.com/game.php?id=779672"]
[Date "2010.5.23"]
[Round "1"]
[White "menocchio"]
[Black "Givanildo"]
[Result "0-1"]
[WhiteElo "1387"]
[BlackElo "1489"]

1. d4 d5 2. c4 dxc4 3. Nc3 c6 4. e4 h5 5. Bxc4 e6 6. Nf3 Bb4 7. a3 Bd6 8. e5 Be7
9. Bg5 Bxg5 10. O-O Bh6 11. Ne4 b5 12. Nd6+ Ke7 13. Bd3 f6 14. Bg6 Ba6 15. Nf7
Qd5 16. Nxh8 b4 17. Re1 Nd7 0-1

[Event "AUTO-INT-1707"]
[Site "http://www.queenalice.com/game.php?id=779673"]
[Date "2010.5.23"]
[Round "1"]
[White "Givanildo"]
[Black "menocchio"]
[Result "1-0"]
[WhiteElo "1549"]
[BlackElo "1475"]

1. e3 e5 2. Bc4 Bc5 3. d4 Bb6 4. dxe5 Nc6 5. Qf3 Nxe5 6. Qe4 f6 7. f4 d5 8. Bxd5
Ne7 9. fxe5 Nxd5 10. exf6+ Kf7 11. fxg7 Kxg7 12. b3 Qg5 13. Bb2+ Nf6 14. Qe7+
Kg6 15. Ne2 Bf5 16. h4 Nd5 17. Qxg5+ 1-0

[Event "AUTO-OPEN-1986"]
[Site "http://www.queenalice.com/game.php?id=779750"]
[Date "2010.5.23"]
[Round "1"]
[White "menocchio"]
[Black "luciano"]
[Result "0-1"]
[WhiteElo "1421"]
[BlackElo "1715"]

1. d4 d5 2. c4 e5 3. dxe5 f6 4. exf6 Bf5 5. fxg7 Bxg7 6. cxd5 Qd6 7. Nc3 Ne7 8.
e4 Bg6 9. Nf3 Nd7 10. Be3 Nc5 11. Bxc5 Qxc5 12. Qa4+ c6 13. Nd4 Bxd4 14. Rc1
Bxf2+ 0-1

[Event "AUTO-OPEN-1986"]
[Site "http://www.queenalice.com/game.php?id=779775"]
[Date "2010.5.23"]
[Round "1"]
[White "CCapivara"]
[Black "menocchio"]
[Result "1-0"]
[WhiteElo "2018"]
[BlackElo "1389"]

1. e4 Nf6 2. e5 Nd5 3. d4 d6 4. Nf3 Nc6 5. Bb5 Bd7 6. c4 Nb6 7. O-O g6 8. Re1 e6
9. d5 Nxe5 10. Nxe5 dxe5 11. Bxd7+ Qxd7 12. dxe6 Qxe6 13. b3 Bg7 14. Bb2 1-0

[Event "AUTO-OPEN-1986"]
[Site "http://www.queenalice.com/game.php?id=779776"]
[Date "2010.5.23"]
[Round "1"]
[White "menocchio"]
[Black "CCapivara"]
[Result "0-1"]
[WhiteElo "1438"]
[BlackElo "1998"]

1. d4 d5 2. c4 e5 3. dxe5 d4 4. Nf3 Nc6 5. g3 Bg4 6. Bg2 Nge7 7. Qb3 Qc8 8. h3
Bxf3 9. Bxf3 Rb8 10. Bf4 Ng6 11. e3 Ngxe5 12. exd4 Nxd4 0-1